[Event "AUTO-OPEN-2967"]
[Site "http://www.queenalice.com/game.php?id=1171961"]
[Date "2013.4.15"]
[Round "1"]
[White "belzinha"]
[Black "Altos"]
[Result "1-0"]
[WhiteElo "1597"]
[BlackElo "1681"]

1. e4 e6 2. d4 d5 3. Nc3 dxe4 4. Nxe4 Nf6 5. Bg5 Be7 6. Qd3 Nxe4 7. Bxe7 Qxe7 8.
Qxe4 Qb4+ 9. Kd1 Qxb2 10. Rc1 Qxa2 11. d5 O-O 12. Bc4 Qb2 13. Bd3 exd5 14. Qxh7#
1-0

[Event "AUTO-INT-2609"]
[Site "http://www.queenalice.com/game.php?id=1172057"]
[Date "2013.4.16"]
[Round "1"]
[White "paul_schulze"]
[Black "Altos"]
[Result "0-1"]
[WhiteElo "1612"]
[BlackElo "1647"]

1. c4 e6 2. d4 c5 3. d5 Bd6 4. Nc3 a6 5. e4 e5 6. Nf3 Nf6 7. Bg5 h6 8. Bxf6 Qxf6
9. Be2 O-O 10. O-O Bc7 11. a3 d6 12. b4 cxb4 13. axb4 Qg6 14. Nh4 Qf6 15. Qd3
Qxh4 16. Qg3 Qxg3 17. fxg3 b6 18. h3 Bd7 19. g4 a5 20. b5 Be8 21. Nd1 Nd7 22.
Ne3 g6 0-1

[Event "AUTO-INT-2609"]
[Site "http://www.queenalice.com/game.php?id=1172058"]
[Date "2013.4.16"]
[Round "1"]
[White "Altos"]
[Black "paul_schulze"]
[Result "0-1"]
[WhiteElo "1540"]
[BlackElo "1589"]

1. e4 e5 2. Nf3 Nc6 3. Bc4 Nf6 4. Nc3 Bc5 5. O-O a6 6. d3 O-O 7. Nd5 Nxd5 8.
Bxd5 Nd4 9. Nxe5 d6 10. Nf3 c6 11. Nxd4 Bxd4 12. Bc4 Re8 13. Qf3 Be6 14. Bxe6
Rxe6 15. c3 Ba7 16. Be3 Rf6 17. Qg3 Rg6 18. Qf3 Qh4 19. Bxa7 Rxa7 20. Qf5 Ra8
21. Qd7 Qg5 22. g3 Rb8 23. Qc7 Qd8 24. Qxd8+ Rxd8 25. f4 d5 26. exd5 Rxd5 27. d4
Re6 28. Rfe1 Rdd6 29. Rxe6 Rxe6 30. Kf2 f5 0-1

[Event "AUTO-INT-2609"]
[Site "http://www.queenalice.com/game.php?id=1172075"]
[Date "2013.4.16"]
[Round "1"]
[White "Severynnas"]
[Black "Altos"]
[Result "0-1"]
[WhiteElo "1291"]
[BlackElo "1679"]

1. d4 d5 2. f4 Bf5 3. Nc3 Nf6 4. Bd2 Nc6 5. Nb5 a6 6. Nc3 Nxd4 7. Bc1 Nxc2+ 8.
Kd2 Nxa1 9. Ke1 Nc2+ 10. Kd2 Ne3 11. Kxe3 Qd6 12. h4 Qc5+ 13. Kd2 Ne4+ 14. Nxe4
Bxe4 15. Rh3 Qxg1 16. Rc3 Qd4+ 17. Ke1 Qxd1+ 18. Kxd1 c6 19. b4 e6 20. Ba3 Bd6
21. g3 O-O-O 22. Bh3 Bf5 23. g4 Be4 24. g5 Bxf4 25. Bg4 d4 26. Rc4 b5 27. Rc5 d3
28. exd3 Rxd3+ 29. Ke2 Rxa3 30. h5 Rxa2+ 31. Ke1 Bg3+ 32. Kd1 Kc7 33. g6 hxg6
34. hxg6 Rd8+ 35. Kc1 Bf4# 0-1

[Event "AUTO-INT-2609"]
[Site "http://www.queenalice.com/game.php?id=1172076"]
[Date "2013.4.16"]
[Round "1"]
[White "Altos"]
[Black "Severynnas"]
[Result "0-1"]
[WhiteElo "1592"]
[BlackElo "1307"]

1. e4 d6 2. Nf3 Nf6 3. Nc3 Nc6 4. Bb5 a6 5. Ba4 b5 6. Bb3 g6 7. Nd5 Nxd5 8. Bxd5
Bh6 9. Bxc6+ Bd7 10. Bxa8 Qxa8 11. d3 O-O 12. Bxh6 Rb8 13. Be3 c6 14. O-O c5 15.
c3 e6 16. Re1 f5 17. Ng5 h5 18. Qf3 fxe4 19. Qxe4 Qxe4 20. Nxe4 d5 21. Nf6+ Kf7
22. Nxd7 Rd8 23. Nxc5 Rd6 24. Bf4 Rc6 25. Nb3 h4 26. Nd4 Rc8 27. Rxe6 a5 28. Rc6
Rxc6 29. Nxc6 b4 30. Nxa5 bxc3 31. bxc3 Ke7 32. Re1+ Kf6 33. c4 dxc4 34. Nxc4
Kf5 35. g3 hxg3 36. hxg3 Kf6 37. Re5 g5 38. Bxg5+ Kg6 39. f4 Kf7 40. f5 Kg7 41.
Nd6 Kf8 42. f6 Kg8 43. Re8+ Kh7 44. f7 Kg6 0-1

[Event "AUTO-INT-2611"]
[Site "http://www.queenalice.com/game.php?id=1173002"]
[Date "2013.4.18"]
[Round "1"]
[White "Mariojose"]
[Black "Altos"]
[Result "0-1"]
[WhiteElo "1458"]
[BlackElo "1683"]

1. e4 c5 2. Qf3 e6 3. Bb5 a6 4. Bc4 Nc6 5. Qe3 b5 6. Bd3 Bb7 7. a3 Nd4 8. Ne2
Nxc2+ 9. Bxc2 Qc7 10. f3 Bd6 11. g3 Nf6 12. f4 O-O 13. Rf1 e5 14. f5 h6 15. Qf3
c4 16. Nbc3 Bc6 17. Rb1 Qb7 18. d3 Bc5 19. Be3 Bd6 20. Rg1 Bc7 21. Kf2 d5 22.
exd5 Nxd5 23. d4 Nxe3 24. Qxe3 f6 25. d5 Bd7 26. Kf1 Bb6 27. Be4 Bxe3 28. d6 Bc6
29. Bxc6 Qxc6 0-1

[Event "AUTO-INT-2611"]
[Site "http://www.queenalice.com/game.php?id=1173003"]
[Date "2013.4.18"]
[Round "1"]
[White "Altos"]
[Black "Mariojose"]
[Result "1-0"]
[WhiteElo "1687"]
[BlackElo "1469"]

1. e4 e5 2. Bc4 d6 3. Nf3 Nf6 4. Nc3 h6 5. O-O Nc6 6. d4 Bg4 7. h3 Bxf3 8. Qxf3
Nxd4 9. Qd3 Be7 10. Nd5 Nxd5 11. Bxd5 c6 12. Bc4 b5 13. Bb3 Qb6 14. c3 Ne6 15.
Be3 c5 16. Bc2 O-O 17. b4 c4 18. Bxb6 cxd3 19. Bxd3 axb6 20. Bxb5 Rfc8 21. Rfc1
Rc7 22. g3 Ng5 23. Bd3 Nxh3+ 24. Kg2 Ng5 25. f3 Rca7 26. Bc4 Rc7 27. Bd5 Ra3 28.
Kf2 Raxc3 29. Rxc3 Rxc3 30. Kg2 Rc2+ 31. Kf1 Nh3 32. a4 Rg2 33. Kxg2 Ng5 34. Rc1
Kh7 35. Rc7 Bf6 36. Bxf7 g6 37. Bc4+ Kh8 38. Rc6 Bd8 39. Rc8 1-0

[Event "AUTO-INT-2611"]
[Site "http://www.queenalice.com/game.php?id=1173020"]
[Date "2013.4.18"]
[Round "1"]
[White "Altos"]
[Black "MrGreen"]
[Result "0-1"]
[WhiteElo "1688"]
[BlackElo "2134"]

1. e4 e5 2. Nf3 Nc6 3. Bb5 a6 4. Bc4 Nf6 5. Ng5 d5 6. exd5 Na5 7. d3 b5 8. Bb3
Nxb3 9. axb3 Qxd5 10. O-O Bb7 11. Qf3 h6 12. Qxd5 Nxd5 13. Ne4 O-O-O 14. Nbc3
Nb4 15. Be3 Nxc2 16. Rac1 Nb4 17. Rfd1 Nxd3 18. Rb1 b4 19. Na4 Bxe4 20. Ra1 Bf5
0-1

[Event "AUTO-INT-2611"]
[Site "http://www.queenalice.com/game.php?id=1173021"]
[Date "2013.4.18"]
[Round "1"]
[White "MrGreen"]
[Black "Altos"]
[Result "1-0"]
[WhiteElo "2104"]
[BlackElo "1690"]

1. Nf3 d5 2. c4 dxc4 3. Qa4+ Nc6 4. g3 e6 5. Bg2 Bd7 6. Qxc4 Bd6 7. Nc3 h6 8. d4
Nge7 9. O-O Nf5 10. h3 Qf6 11. Rd1 e5 12. dxe5 Bxe5 13. Nd5 Qd6 14. g4 Nfd4 15.
Nxd4 Nxd4 16. f4 Bb5 17. fxe5 Nxe2+ 18. Kf2 Bxc4 19. exd6 1-0

[Event "AUTO-INT-2611"]
[Site "http://www.queenalice.com/game.php?id=1173022"]
[Date "2013.4.18"]
[Round "1"]
[White "Altos"]
[Black "SGF"]
[Result "0-1"]
[WhiteElo "1701"]
[BlackElo "1660"]

1. e4 e5 2. Nc3 c6 3. Bc4 Qf6 4. Nf3 b5 5. Be2 a5 6. a3 b4 7. axb4 Bxb4 8. d3 a4
9. Bd2 a3 10. bxa3 Rxa3 11. Rxa3 Bxa3 12. Qa1 Bd6 13. Qb2 h6 14. O-O Ne7 15. Na4
Na6 16. d4 exd4 17. Qxd4 Qxd4 0-1

[Event "AUTO-INT-2611"]
[Site "http://www.queenalice.com/game.php?id=1173023"]
[Date "2013.4.18"]
[Round "1"]
[White "SGF"]
[Black "Altos"]
[Result "1-0"]
[WhiteElo "1725"]
[BlackElo "1694"]

1. e4 e6 2. Qf3 Nc6 3. c3 d5 4. Bb5 Bd7 5. exd5 exd5 6. Qxd5 a6 7. Bxc6 Bxc6 8.
Qxd8+ Rxd8 9. Nf3 Bd6 10. O-O Ne7 11. Re1 O-O 12. Na3 Ng6 13. Nc4 Bxf3 14. gxf3
Bc5 15. d4 Bd6 16. Nxd6 Rxd6 17. f4 Re6 18. Rxe6 fxe6 19. b4 Nxf4 20. Bxf4 Rxf4
21. Re1 Kf7 22. Kg2 g5 23. Kg3 h5 24. h4 Rg4+ 25. Kf3 Rxh4 26. Kg3 c6 27. Re5
Rf4 28. Rxg5 Rf5 29. Rxf5+ exf5 30. f4 Kg6 31. Kh4 1-0

[Event "AUTO-INT-2676"]
[Site "http://www.queenalice.com/game.php?id=1198243"]
[Date "2013.7.9"]
[Round "1"]
[White "subzila"]
[Black "Altos"]
[Result "1-0"]
[WhiteElo "1528"]
[BlackElo "1463"]

1. e4 c5 2. Nf3 d5 3. Bb5+ Bd7 4. Bxd7+ Nxd7 5. exd5 Ngf6 6. Nc3 Nb6 7. O-O
Nfxd5 8. Nxd5 Nxd5 9. d4 cxd4 10. Qxd4 e6 11. Ne5 1-0

[Event "AUTO-INT-2676"]
[Site "http://www.queenalice.com/game.php?id=1198244"]
[Date "2013.7.9"]
[Round "1"]
[White "Altos"]
[Black "subzila"]
[Result "0-1"]
[WhiteElo "1478"]
[BlackElo "1513"]

1. e4 e5 2. Nf3 d6 3. Bc4 h6 4. d4 Bg4 5. Be2 Nf6 6. dxe5 Nxe4 7. exd6 Bxd6 8.
h3 Be6 9. Qd4 Nf6 10. Nc3 Nc6 0-1

[Event "AUTO-INT-2676"]
[Site "http://www.queenalice.com/game.php?id=1198255"]
[Date "2013.7.9"]
[Round "1"]
[White "Altos"]
[Black "altair"]
[Result "0-1"]
[WhiteElo "1526"]
[BlackElo "1640"]

1. e4 e5 2. Bc4 Nf6 3. Nc3 a6 4. Nf3 d6 5. O-O h6 6. d4 Be7 7. dxe5 dxe5 8. Nxe5
Be6 9. Qxd8+ Bxd8 10. Bxe6 fxe6 11. h3 Be7 12. f3 Bd6 13. Nc4 Nbd7 14. Nxd6+
cxd6 15. Be3 Nh5 16. Ne2 O-O-O 0-1

[Event "AUTO-INT-2676"]
[Site "http://www.queenalice.com/game.php?id=1198256"]
[Date "2013.7.9"]
[Round "1"]
[White "altair"]
[Black "Altos"]
[Result "1-0"]
[WhiteElo "1651"]
[BlackElo "1515"]

1. e4 c5 2. Nc3 e6 3. Nf3 Nc6 4. d4 cxd4 5. Nxd4 Nxd4 6. Qxd4 a6 7. a3 Ne7 8. g3
d5 9. exd5 Nxd5 10. Bg2 Nxc3 11. Qxc3 Qb6 12. O-O Bd7 13. b4 Bc6 14. Be3 Qb5 15.
Rfb1 Bxg2 16. Kxg2 Rd8 17. Rd1 Qc6+ 18. Qxc6+ 1-0

[Event "AUTO-INT-2694"]
[Site "http://www.queenalice.com/game.php?id=1205200"]
[Date "2013.8.4"]
[Round "1"]
[White "Altos"]
[Black "santanacampos"]
[Result "0-1"]
[WhiteElo "1565"]
[BlackElo "1702"]

1. e4 e5 2. Nc3 c6 3. Nf3 Bb4 4. Nxe5 Bxc3 5. dxc3 Nf6 6. f3 O-O 7. Bc4 Qe7 8.
Nd3 d5 9. Bb3 c5 10. c4 dxe4 11. Qe2 Nc6 12. fxe4 Nd4 13. Qd2 Qxe4+ 14. Kd1 Bg4+
0-1

[Event "AUTO-INT-2694"]
[Site "http://www.queenalice.com/game.php?id=1205201"]
[Date "2013.8.4"]
[Round "1"]
[White "santanacampos"]
[Black "Altos"]
[Result "1-0"]
[WhiteElo "1702"]
[BlackElo "1662"]

1. e4 e6 2. Nf3 Bc5 3. d4 Bb4+ 4. c3 Ba5 5. b4 Bb6 6. e5 c6 7. Bd3 h6 8. O-O Ne7
9. Bc4 O-O 10. Nbd2 Nf5 11. Ba3 1-0